Las casas de la villa de Madrid / (Record no. 175256)

MARC details
000 -LEADER
campo de control de longitud fija 00987nam a2200253 i 4500
001 - NÚMERO DE CONTROL
campo de control 175256
003 - IDENTIFICADOR DE NÚMERO DE CONTROL
campo de control ES-MaACL
005 - FECHA Y HORA DE LA ÚLTIMA TRANSACCIÓN
campo de control 20250806062543.0
007 - CAMPO FIJO DE DESCRIPCIÓN FÍSICA--INFORMACIÓN GENERAL
campo de control de longitud fija t|
008 - DATOS DE LONGITUD FIJA--INFORMACIÓN GENERAL
campo de control de longitud fija 101018s1970 sp f ||||1| spa d
080 ## - NÚMERO DE LA CLASIFICACIÓN DECIMAL UNIVERSAL
Número de la Clasificación Decimal Universal 725.13(460.27 M.)
100 0# - ENTRADA PRINCIPAL--NOMBRE DE PERSONA
Nombre de persona Corral, José del,
Fechas asociadas al nombre 1916-2011
9 (RLIN) 40714
245 14 - MENCIÓN DEL TÍTULO
Título Las casas de la villa de Madrid /
Mención de responsabilidad, etc. por José del Corral.
260 ## - PUBLICACIÓN, DISTRIBUCIÓN, ETC.
Lugar de publicación, distribución, etc. Madrid :
Nombre del editor, distribuidor, etc. Ayuntamiento de Madrid, Delegación de Educación :
-- Instituto de Estudios Madrileños,
Fecha de publicación, distribución, etc. 1970.
300 ## - DESCRIPCIÓN FÍSICA
Extensión 34, [2] p. , [10] h. de lám. ;
Dimensiones 22 cm.
490 1# - MENCIÓN DE SERIE
Mención de serie Ciclo de conferencias sobre monumentos madrileños ;
Designación de volumen o secuencia 4
610 24 - PUNTO DE ACCESO ADICIONAL DE MATERIA--NOMBRE DE ENTIDAD CORPORATIVA
Nombre de entidad corporativa o nombre de jurisdicción como elemento de entrada Casa de la Villa-
Subdivisión geográfica (Madrid)
9 (RLIN) 143650
610 24 - PUNTO DE ACCESO ADICIONAL DE MATERIA--NOMBRE DE ENTIDAD CORPORATIVA
Nombre de entidad corporativa o nombre de jurisdicción como elemento de entrada Casa de Cisneros-
Subdivisión geográfica (Madrid)
9 (RLIN) 143651
610 14 - PUNTO DE ACCESO ADICIONAL DE MATERIA--NOMBRE DE ENTIDAD CORPORATIVA
Nombre de entidad corporativa o nombre de jurisdicción como elemento de entrada Madrid.
Unidad subordinada Ayuntamiento-
Subdivisión general Edificios.
9 (RLIN) 143649
710 2# - ENTRADA AGREGADA--NOMBRE DE ENTIDAD CORPORATIVA
Nombre de entidad corporativa o nombre de jurisdicción como elemento de entrada Instituto de Estudios Madrileños
9 (RLIN) 4916
830 0# - PUNTO DE ACCESO ADICIONAL DE SERIE-TÍTULO UNIFORME
Título uniforme Ciclo de conferencias sobre monumentos madrileños ;
Designación de volumen o secuencia 4
9 (RLIN) 189598
852 ## - LOCALIZACIÓN
Ubicación ES-MaACL
Número de control de estantería 2258-F-4
Encuadernación Olim P-53
Holdings
Estatus retirado Estado de pérdida Estado de daño No para préstamo Colección Biblioteca de origen Biblioteca actual Ubicación en estantería Fecha de adquisición Fuente de adquisición Total de préstamos Signatura topográfica completa Código de barras Visto por última vez Precio de reemplazo Tipo de ítem Koha
        Colección de folletos Biblioteca del Ateneo de Madrid Biblioteca del Ateneo de Madrid Depósito folletos 18/10/2010     2258-F-4 1184025 23/02/2023 23/02/2023 Folleto